| 000 | 01058cam a2200349 4500 | ||
|---|---|---|---|
| 001 | 5490 | ||
| 003 | DO-SdBNP | ||
| 005 | 20231215095008.0 | ||
| 007 | 5490 | ||
| 008 | 090624s2009 sp|| 000 f spa | ||
| 015 | _a | ||
| 017 |
_a _b |
||
| 020 | _a9788466323086 | ||
| 035 | _a | ||
| 040 |
_aBPMSU _bspa _cBPMSU _e |
||
| 080 | _a | ||
| 082 | 4 |
_a823.91 _bH262L 2009 _2 22 |
|
| 100 | 1 | _aHardie, Titania | |
| 245 | 1 | 3 |
_aEl laberinto de la rosa : _bun enigma por descifrar, un legado por desenterrar, un corazón por curar / _cTitania Hardie ; traducción, Luisa Borovsky _h |
| 250 | _a 2a. ed. | ||
| 260 |
_aMadrid : _bSantillana Ediciones Generales, _c2009 |
||
| 300 |
_a572 p. ; _c21 cm |
||
| 490 | 0 | _aPunto de lectura | |
| 500 | _3Incluye datos biográficos del autora | ||
| 534 |
_aTìtulo original : _tThe rose labyrinth |
||
| 590 | _aInventariado, 2023/VM | ||
| 650 | 4 | _aNovela australiana | |
| 650 | 4 | _aNovela policíaca | |
| 700 | 1 |
_aBorovsky, Luisa, _etr. |
|
| 910 | _aVMateo V. Control de calidad. BPMSU | ||
| 942 |
_2ddc _cBK |
||
| 999 |
_c11299 _d11299 |
||